00409nam a2200145Ia 4500008004100000020001500041041001200056082001600068100001500084245009200099260003300191300000800224650001600232700001500248221030s9999 xx 000 0 und d a0619016515 aEnglish a105.23bWil aJ. William 2aA Guide to Microsoft Windows NT Server 4.0 1n the Enterprisecby J. William, D. Johnson bCorse Tech.aSingaporec2000 a456 aBE Computer aD. Johnson